000 00479nam a2200181Ia 4500
005 20250326142503.0
008 250326s9999 xx 000 0 und d
037 _aTextbook
040 _aFMSL
_beng
_cFMSL
041 _aeng
_2eng
084 _aX N5
_qFMSL
100 _aDebroy Bibek
245 0 _aEconomic & social environment
_cDebroy Bibek
260 _aDelhi
_bDelhi, Global Business
_c1995
300 _a198p
942 _cTB
_hX N5
999 _c1295262
_d1295262